书目信息 |
| 题名: |
心理哲学
|
|
| 作者: | 心理哲学 | |
| 分册: | ||
| 出版信息: | 上海 复旦 大学出版社 2004 |
|
| 页数: | 291 | |
| 开本: | 20cm | |
| 丛书名: | ||
| 单 册: | ||
| 中图分类: | B84-05 | |
| 科图分类: | ||
| 主题词: | 心理学 | |
| 电子资源: | ||
| ISBN: | 7-309-03974-2 | |
| 000 | 00491nam0 2200181 450 | |
| 001 | 0760515518 | |
| 005 | 20070817164835.51 | |
| 010 | @a7-309-03974-2@d¥20.00 | |
| 100 | @a20070817d km y0chiy0120 ea | |
| 101 | 0 | @achi |
| 200 | 1 | @a心理哲学@Axin li zhe xue@f心理哲学@Fxin li zhe xue |
| 210 | @a上海@c复旦 大学出版社@d2004 | |
| 215 | @a291@d20cm | |
| 606 | 0 | @a心理学 |
| 690 | @aB84-05@v3 | |
| 701 | 0 | @a心理哲学@Axin li zhe xue |
| 801 | 0 | @aCN@bPFT@c20070817 |
| 905 | @a213230@dB84-05@eg10@f1 | |
| 心理哲学/心理哲学.-上海:复旦 大学出版社,2004 |
| 291;20cm |
| ISBN 7-309-03974-2:¥20.00 |
| ● |
| 相关链接 |
|
|
|
|
正题名:心理哲学
索取号:B84-05/g10
 
预约/预借
| 序号 | 登录号 | 条形码 | 馆藏地/架位号 | 状态 | 备注 |
| 1 | 6500344 | 265003444 | 经管系资料室/ [索取号:B84-05/g10] | 在馆 |